LIBRARY & INFORMATION CENTRE, KCAET, TAVANUR

ONLINE PUBLIC ACCESS CATALOGUE (OPAC)

performance evaluation of a subsurface flow constructed wetland (Record no. 15481)

MARC details
000 -LEADER
fixed length control field 00553nam a22001577a 4500
003 - CONTROL NUMBER IDENTIFIER
control field OSt
008 - FIXED-LENGTH DATA ELEMENTS--GENERAL INFORMATION
fixed length control field 180925b ||||| |||| 00| 0 eng d
082 ## - DEWEY DECIMAL CLASSIFICATION NUMBER
Classification number 631.75807
Item number NAF/PE
100 ## - MAIN ENTRY--AUTHOR NAME
Personal name Nafla. K
-- Navaneeth B.S
245 ## - TITLE STATEMENT
Title performance evaluation of a subsurface flow constructed wetland
260 ## - PUBLICATION, DISTRIBUTION, ETC. (IMPRINT)
Place of publication Thavanur
Name of publisher Department of land and water resources and conservation engineering
Year of publication 2018
300 ## - PHYSICAL DESCRIPTION
Number of Pages vii, 61
Accompanying material CD
700 ## - ADDED ENTRY--PERSONAL NAME
Personal name Jinu. A (Guide)
856 ## - ELECTRONIC LOCATION AND ACCESS
Uniform Resource Identifier <a href="https://drive.google.com/open?id=1NbJUWi95pX_WgrR7NTwDYuyjCfFMSqIp">https://drive.google.com/open?id=1NbJUWi95pX_WgrR7NTwDYuyjCfFMSqIp</a>
942 ## - ADDED ENTRY ELEMENTS (KOHA)
Koha item type Project Report
Holdings
Withdrawn status Lost status Damaged status Home library Current library Date acquired Full call number Accession Number Koha item type
      KAUAET KAUAET 25/07/2018 631.75807 NAF/PE P 408 Project Report
free website counter